000 00334nam a2200145Ia 4500
003 GCL
008 140319s9999 xx 000 0 eng d
040 _aGCL /
_cGCL
082 0 4 _aM
_bCAIRO
_b12300
245 1 0 _aCAIRO(MASR EL-KAHIRE) SCALE 1:12300
260 _a[S.N] :
_bNONE
650 0 4 _aMAPS
650 0 4 _aCAIRO
942 _2ddc
_cMP
999 _c25770
_d25770